000 00634cam a22002173a 4500
001 41765
003 PGUSA
005 20140828083937.0
008 130103s2013||||xxu|||||s|||||000 | eng d
040 _aPGUSA
_beng
042 _adc
245 1 0 _aHalf a Hundred Hero Tales :
_bof Ulysses and The Men of Old
_h[electronic resource] /
_cVarious
260 _bProject Gutenberg,
_c2013
506 _aPublic domain in the USA.
516 _aElectronic text
700 1 _aPapé, Frank C.
700 1 _aStorr, Francis,
_d1839-1919
830 0 _aProject Gutenberg
_v41765
856 4 0 _uhttp://www.gutenberg.org/ebooks/41765
942 _cEB
999 _c271017
_d271017